| 000 | 00650nam a2200217 i 4500 | ||
|---|---|---|---|
| 001 | bg | ||
| 100 | 1 | _aWOJTKIEWICZ, Andrzej. | |
| 245 | 0 | 0 |
_aTeoria obwodów. _nCz.2 / _cAndrzej Wojtkiewicz. |
| 250 | _aWyd. 4. | ||
| 260 |
_aWarszawa : _bWydawnictwa Politechniki Warszawskiej, _c1991. |
||
| 300 |
_a243 s. : _brys. ; _c24 cm. |
||
| 504 | _aBibliogr. | ||
| 650 | 9 |
_aUkłady elektryczne _xteoria |
|
| 655 | _aPodręczniki akademickie | ||
| 040 | _cBPK | ||
| 041 | 0 | _apl | |
| 080 | _a621.3(075.8) | ||
| 942 | _cKS | ||
| 008 | s pl f |000 0 pol | ||
| 999 |
_c40217 _d40217 |
||
| 856 |
_uhttp://koha.tu.koszalin.pl/cgi-bin/koha/opac-detail.pl?biblionumber=40217 _yKatalog online BPK |
||